Social entrepreneurship and corporate social responsibility in Slovakia

Salvato in:
Dettagli Bibliografici
Autore principale: Pongráczová, Eva, 1971-
Natura: Capitolo di libro
Lingua:inglese
Soggetti:
Tags: Aggiungi Tag
Nessun Tag, puoi essere il primo ad aggiungerne!!

MARC

LEADER 00000nla a2200000 4500
001 0167950
005 20240502083410.5
041 0 |a eng 
044 |a HR 
245 1 0 |a Social entrepreneurship and corporate social responsibility in Slovakia  |c Eva Pongráczová 
610 2 0 |a zodpovednosť spoločenská 
610 2 0 |a podnikanie sociálne 
610 2 0 |a nezamestnanosť 
610 2 0 |a vylúčenie sociálne 
610 2 0 |a Slovensko 
100 1 |a Pongráczová, Eva, 1971-